000 00677nam a22002177a 4500
003 NUST-PNEC
005 20170116180746.0
008 150210b xxu||||| |||| 00| 0 eng d
020 _a9698373012
040 _cPNEC
082 _a297.122 HUS
100 _91320
_aHussain Iqbal S.
245 _aThe Quran & Modernism
_cIqbal S. Hussain
250 _a1st ed
260 _aLahore
_bAdabistan
_cc2000.
300 _axviii, 473 p. :
_bill
_c22 cm
500 _aIncludes Index
650 _xIslam
856 _uhttp://www.amazon.com/Quran-modernism-Beyond-science-philosophy/dp/9698373012/ref=sr_1_1?s=books&ie=UTF8&qid=1423551843&sr=1-1&keywords=9698373012
942 _2ddc
_cBK
999 _c62383
_d62383